00682nam a2200169 a 4500008004100000020001800041050001800059100001700077245005800094250001800152260003000170300003500200650002600235995010000261999001700361952013400378210223s2013 ||||||||||||||||| || u a9780132890540 aHF 5657.4 Bra aTietz, Braun10aManagerial accounting (Third edition)cBy Braun Tietz aThird edition aNew JerseybPearsonc2013 axix, 925 pages : illustrations 0aMANAGERIAL ACCOUNTING D56.07FCBU-MAIN LIBRARY (Kitwe)M1UAVAILABLEWMar 4, 2021ZMain Library Open Access Collection c50057d50057 00102lcc4070a001b001cMain Library Open Access Collectiond2022-11-30l0oHF 5657.4 Brap750797r2022-11-30w2022-11-30y002